00954cam a22002531 4500001001300000003000400013005001700017008004100034010001700075035001900092040005300111042001200164050002100176100004000197245012000237260004800357300010200405490004200507500005000549504003200599500002700631650002500658999001700683gs 29000037 DLC20260227111333.0770805s1928 xx 000 0 eng c ags 29000037  a(OCoLC)3164852 aLibrary, U. S. Geological SurveycOCdOCoLCdDLC apremarc00aQE75b.B9 no. 741 aDarton, Nelson Horatio,d1865-1948.10a"Red Beds" and associated formations in New Mexico,bwith an outline of the geology of the state,cby N. H. Darton. aWashington,bU.S. Govt. print. off.,c1928. axvi, 356 p. incl. illus., tables, diagrs.b39 pl. (incl. 8 fold. col. maps) fold. diagrs.c23 cm.0 aU. S. Geological survey. Bulletin 794 aAt head of title: Department of the interior. aBibliographical foot-notes. aMaps folded in pocket. 0aGeologyzNew Mexico. c26693d26693